00393nam a2200157Ia 4500008004100000020001800041082001600059100001200075245003300087250000600120260003600126300001700162500002400179650001500203700001700218230524s9999 xx 000 0 und d a9788173719448 a621.382bDE aN.K.De  0aBasic Electrical Engineering a1 aNoidabUniversities Pressc2016 a"VIII,468p;" aQuantity Number: 1 aElectrical a Dipu Sarkar